|
|
|
|
| LEADER |
01315nam a22003257a 4500 |
| 001 |
42558 |
| 003 |
BD-DhAAL |
| 005 |
20250819115831.0 |
| 008 |
240507t2018 cn a|||| b||| 001 0 eng d |
| 020 |
|
|
|a 9781771123433
|
| 020 |
|
|
|a 9781771123440
|
| 020 |
|
|
|a 9781771123426
|
| 040 |
|
|
|a BD-DhAAL
|d BD-DhAAL
|
| 082 |
|
|
|a 940.544941092
|2 22
|
| 100 |
|
|
|a Usher, Peter J.
|9 56329
|
| 245 |
|
|
|a Joey jacobson's war :
|b Jewish Canadian airman in the Second World War /
|c Peter J. Usher.
|
| 246 |
|
|
|a Jewish Canadian airman in the second world war
|
| 264 |
|
|
|a Canada :
|b Wilfrid Laurier University Press,
|c 2018.
|
| 300 |
|
|
|a xix, 394 pages :
|b ill., map.
|c 22 cm.
|
| 500 |
|
|
|a Includes bibliographical references and index.
|
| 541 |
|
|
|a Donated by the High Commission of Canada in Bangladesh.
|e 42558
|
| 600 |
|
|
|a Jacobson, Joey.
|9 56330
|
| 650 |
|
|
|a Airmen
|z Canada
|x Biography.
|9 56331
|
| 650 |
|
|
|a World War, 1939-1945
|x Aerial operations, British.
|9 56332
|
| 650 |
|
|
|a Jews, Canadian
|z Great Britain.
|9 56333
|
| 650 |
|
|
|a Jewish soldiers
|z Great Britain.
|9 56334
|
| 852 |
|
|
|a Ayesha Abed Library
|c General Stacks
|
| 942 |
|
|
|2 ddc
|c BK
|
| 999 |
|
|
|c 46585
|d 46585
|
| 952 |
|
|
|0 0
|1 0
|2 ddc
|4 0
|6 940_544941092000000_USH
|7 0
|9 75414
|a BRACUL
|b BRACUL
|c GEN
|d 2024-05-07
|l 0
|o 940.544941092 USH
|p 3010042558
|r 2024-05-07
|t 1
|w 2024-05-07
|y BK
|